[Event "Centrocoop op"]
[Site "Eforie Nord"]
[Date "1997.??.??"]
[Round "?"]
[White "Doukhine, Iokhan"]
[Black "Dragomir, Constantin"]
[Result "1-0"]
[WhiteElo "1700"]
[BlackElo "2240"]
[PlyCount "99"]
[EventDate "1997.??.??"]
[EventType "swiss"]
[EventRounds "11"]
[EventCountry "ROU"]
[SourceTitle "EXT 2010"]
[Source "ChessBase"]
[SourceDate "2010.11.25"]
[SourceVersion "1"]
[SourceVersionDate "2010.11.25"]
[SourceQuality "1"]

1. e4 c5 2. Nc3 Nc6 3. f4 d6 4. Nf3 g6 5. Bc4 Bg7 6. 0-0 e6 7. d3 Nge7 8. Qe1 0-0 9. Qh4 d5 10. Bb3 Nd4 11. f5 dxe4 12. Ng5 h6 13. fxe6 Nef5 14. exf7+ Kh8 15. Qh3 e3 16. Nge4 Nxb3 17. axb3 Rxf7 18. g4 Bd4 19. Ne2 Rg7 20. gxf5 gxf5+ 21. N4g3 Qd6 22. Rf4 Qxf4 23. Nxf4 e2+ 24. Be3 Bxe3+ 25. Kh1 Bxf4 26. Re1 Bxg3 27. Qxh6+ Kg8 28. Rxe2 Bd7 29. hxg3 Rh7 30. Qxh7+ Kxh7 31. Re7+ Kg6 32. Rxd7 Rh8+ 33. Kg2 Rh7 34. Rxh7 Kxh7 35. Kf3 Kg6 36. Kf4 Kf6 37. c3 b5 38. d4 cxd4 39. cxd4 Ke6 40. d5+ Kxd5 41. Kxf5 Kc5 42. g4 Kb4 43. g5 Kxb3 44. g6 a5 45. g7 a4 46. g8Q+ Kxb2 47. Qb8 a3 48. Qxb5+ Ka1 49. Qc4 Kb2 50. Qb4+ 1-0